| 000 | 00602nam a22001577a 4500 | ||
|---|---|---|---|
| 003 | OSt | ||
| 005 | 20150930101414.0 | ||
| 008 | 150930b xxu||||| |||| 00| 0 eng d | ||
| 040 | _cRUA | ||
| 082 | _aAGR HOR 2011 B047 Or.1 | ||
| 100 |
_91592 _aHOR, CHANBOT. |
||
| 245 | _aComparison of yield and quality of local waxy maize varieties (ការប្រៀបធៀបទិន្នផលនិងគុណភាពផ្លែរបស់ពូជពោតដំណើបក្នុងស្រុក) | ||
| 260 |
_aPhnom Penh _bRUA _c2011 |
||
| 300 |
_axi, 62p. _bill. _c29cm. |
||
| 942 |
_2ddc _cAGR |
||
| 999 |
_c1503 _d1503 |
||